000 00892nas a2200289 4500
001 BR9206458
003 BR-BrBNA
005 20231205092925.0
007 ta
008 230509b bl.|||p| |||| 00| 00por d
040 _aBR-BrBNA
_bpor
_cBiblioteca Nacional de Agricultura
041 _a(Pt)
072 _aL53
100 1 _aOba, E.
100 1 _aChow, L.A.
100 1 _aMarchevsky, R.S.
100 1 _aTahira, J.K.
245 1 _aAspectos da mucosa vaginal de porcas large white durante as fases do ciclo estral; 1. histologia
650 _aSUÍNO
650 _aMUCOSA
650 _aVAGINA
650 _aHORMONIO ANIMAL
650 _aCICLO ESTRAL
773 0 _tArquivos da Escola de Veterinaria da Universidade Federal de Minas Gerais (Brazil)
_xISSN 0365-8384
_g(Dec 1982), v. 34(3) p. 438-449
_wBR9206458
909 _a202311
_bLúcia
_c55
_dLúcia Elande
942 _2AGRIS
_n0
_cANA
999 _c135143
_d135143